Characters from The Runaways Quiz Stats

 Plays Quiz not verified by Sporcle

Challenge
Share
Tweet
Embed
Score 0/11 Timer 03:00
0 Plays Today
Powers Character % Correct
No powers (Has an assortment of high tech tools and a link to Old Lace)Chase Stein
96.3%
Casts magic spells through the Staff of OneNico Minoru
96.3%
No powers (Prodigy in Strategy)Alex Wilder
92.5%
Super strength and limited invunerabilityMolly Hayes
92.5%
DinosaurOld Lace
92.5%
Flight and manipulation of solar energyKarolina Dean
91.3%
Empathic link with Old LaceGertrude Yorkes
89.4%
Super strength, speed, electromagnetic manipulation, technopathyVictor Mancha
73.3%
Shapshifting, and use of the Fantastic Four's powers.Xavin
65.8%
VehicleThe Leapfrog
53.4%
Plant ManipulationKlara Prast
52.2%

You're not logged in!

Compare scores with friends on all Sporcle quizzes.
Join for Free
OR
Log In

You Might Also Like...

Show Comments

Extras

Created Oct 31, 2009ReportNominate
Tags:character, power, runaway

Top Quizzes Today


Score Distribution

Your Account Isn't Verified!

In order to create a playlist on Sporcle, you need to verify the email address you used during registration. Go to your Sporcle Settings to finish the process.

Report this User

Report this user for behavior that violates our Community Guidelines.

Details: